00701nam a2200193Ia 4500003000900000008004100009020002200050040001600072080001900088100002200107245010700129260003800236300001700274650003100291650002700322942000700349999001700356952013400373IN-BaIIA211028s9999 xx 000 0 eng d a978-0-07-058557-7 cIIA Library a533.9:621bJOH aJohn, P. I929641 0aPlasma sciences and the creation of wealthcP. I. John  aNew DelhibTata McGraw-Hillc2005 axviii, 469p. aPlasma oscillations929642 aPlasma sciences929643 cBK c16031d16031 00104070aBANbBANcGENd2005-12-19eEDS g550.00l0o533.9:621/ JOHp16953r2021-11-05v550.00w2005-12-19yBKGRs. 550.00